El poder y la gloria / (Record no. 112036)

MARC details
000 -CABECERA
campo de control de longitud fija 00782nam a2200229 a 4500
005 - FECHA Y HORA DE LA ÚLTIMA TRANSACCIÓN
campo de control 20210223125701.0
008 - ELEMENTOS DE LONGITUD FIJA--INFORMACIÓN GENERAL
campo de control de longitud fija 050828s1984 mx r 000 0 spa d
020 ## - NÚMERO INTERNACIONAL NORMALIZADO PARA LIBROS
Número Internacional Estándar del Libro 9686200991
035 ## - NÚMERO DE CONTROL DEL SISTEMA
Número de control de sistema UPN01000139888
049 ## - COLECCIÓN
Colección CG
050 #4 - SIGNATURA TOPOGRÁFICA DE LA BIBLIOTECA DEL CONGRESO
Número de clasificación PR6013 R4.4
Número de documento/Ítem P6.2
100 1# - ASIENTO PRINCIPAL--NOMBRE PERSONAL
Nombre de persona Greene, Graham,
Fechas asociadas al nombre 1904-1991
9 (RLIN) 28382
245 13 - MENCIÓN DE TÍTULO
Título El poder y la gloria /
Mención de responsabilidad, etc. Graham Greene ; tr. Guillermo Villalonga.
260 ## - PUBLICACIÓN, DISTRIBUCIÓN, ETC.
Lugar de publicación, distribución, etc. México :
Nombre del editor, distribuidor, etc. Origen :
-- Seix Barral,
Fecha de publicación, distribución, etc. 1984.
440 #0 - MENCIÓN DE SERIE/ASIENTO SECUNDARIO--TÍTULO
Título Obras maestras del siglo XX ; 2
534 ## - NOTA SOBRE LA VERSIÓN ORIGINAL
Frase introductoria Título original:The power and the glory
Mención de título del original The power and the glory
650 #4 - ASIENTO SECUNDARIO DE MATERIA - TERMINO TEMATICO
Término de materia o nombre geográfico como elemento de entrada LITERATURA INGLESA -
Subdivisión cronológica SIGLO XX
9 (RLIN) 15121
650 #4 - ASIENTO SECUNDARIO DE MATERIA - TERMINO TEMATICO
Término de materia o nombre geográfico como elemento de entrada ANTICLERICALISMO -
Subdivisión de forma NOVELA
9 (RLIN) 7096
650 #4 - ASIENTO SECUNDARIO DE MATERIA - TERMINO TEMATICO
Término de materia o nombre geográfico como elemento de entrada CATOLICOS -
Subdivisión de forma NOVELA
9 (RLIN) 8671
650 #4 - ASIENTO SECUNDARIO DE MATERIA - TERMINO TEMATICO
Término de materia o nombre geográfico como elemento de entrada CLERO EN LA LITERATURA
9 (RLIN) 10885
905 ## - TIPO DE MATERIAL
Tipo de material Libro
Holdings
Estado de retiro Estado de pérdida Fuente del sistema de clasificación o colocación Estado dañado No para préstamo Código de colección Localización permanente Ubicación/localización actual Ubicación en estantería Total de préstamos Clasificación Código de barras Fecha visto por última vez Número de copia Tipo de ítem Koha
    Library of Congress Classification     Colección General Bib. Gregorio Torres Quintero Bib. Gregorio Torres Quintero Planta baja 1 PR6013 R4.4 P6.2 231988 31/12/2020 1 Libro